Outlines of a plan for the harmonous economic development of Pakistan (Record no. 496747)

000 -LEADER
fixed length control field 00469cam a22001217a 4500
008 - FIXED-LENGTH DATA ELEMENTS--GENERAL INFORMATION
fixed length control field 180718b xxu||||| |||| 00| 0 eng d
082 ## - DEWEY DECIMAL CLASSIFICATION NUMBER
Classification number T000x547 55d/Ass-5
100 ## - MAIN ENTRY--PERSONAL NAME
Personal name Sadeque, A.
245 ## - TITLE STATEMENT
Title Outlines of a plan for the harmonous economic development of Pakistan
Statement of responsibility, etc. by A. Sadeque
260 ## - PUBLICATION, DISTRIBUTION, ETC.
Place of publication, distribution, etc. Dacca
Name of publisher, distributor, etc. Provincial Statistical Board and Bureau of Commerical and Intelligence
Date of publication, distribution, etc.
300 ## - PHYSICAL DESCRIPTION
Extent 101p.
440 ## - SERIES STATEMENT/ADDED ENTRY--TITLE
Title Series no. V of - an analytical study of the draft five year plan
Holdings
Withdrawn status Lost status Damaged status Not for loan Permanent Location Current Location Date acquired Full call number Barcode Date last seen Price effective from Koha item type
        Indian Institute of Public Administration Indian Institute of Public Administration 2018-08-04 T000x547 55d/Ass-5 G7434 2018-08-04 2018-08-04 G

Powered by Koha